| 000 | 00785nam a22002417a 4500 | ||
|---|---|---|---|
| 005 | 20170124103217.0 | ||
| 010 | _a026308 | ||
| 020 | _c00.00 | ||
| 035 | _a026308 | ||
| 037 | _bCen Lib/Ret | ||
| 040 |
_aDPL _bHN |
||
| 082 |
_a822 _bइव्सन |
||
| 100 |
_aइव्सन _96954 |
||
| 245 |
_aदेशभर का दुश्मन / _cइव्सन |
||
| 246 |
_aDeshbhar ka dushman _bby Evsan |
||
| 300 |
_a133पृष्ठ. _c17सेमी(सजिल्द) |
||
| 500 | _a | ||
| 650 |
_aअंग्रेजी साहित्य _9112284 |
||
| 650 |
_aअंग्रेजी नाटक _9112285 |
||
| 650 |
_aEnglish literature _9112286 |
||
| 650 |
_aEnglish drama _9112287 |
||
| 942 |
_2ddc _cHN _h822 _mइव्सन |
||
| 999 |
_c121623 _d121623 |
||